Statistics for 2010s Albums by Cover

Click here to take the quiz!

General Stats

  • This quiz has been taken 243 times
  • The average score is 13 of 20

Answer Stats

Answer% Correct
{1989} – {Taylor} {Swift}
97%
{÷} – {Ed} {Sheeran}
91%
{25} – {Adele}
89%
{Take} {Care} – {Drake}
89%
{Thank} {U}, {Next} – {Ariana} {Grande}
88%
{FOUR} – {One} {Direction}
78%
{Yeezus} – {Kanye} {West}
73%
{AM} – {Arctic} {Monkeys}
72%
{Doo}-{Wops} {&} {Hooligans} – {Bruno} {Mars}
70%
{To} {Pimp} {a} {Butterfly} – {Kendrick} {Lamar}
68%
{"Awaken}, {My} {Love!"} – {Childish} {Gambino}
67%
{Rodeo} – {Travis} {Scott}
67%
{Recovery} – {Eminem}
63%
{Norman} {Fucking} {Rockwell!} – {Lana} {Del} {Rey}
59%
{Blackstar} – {David} {Bowie}
41%
{Lonerism} – {Tame} {Impala}
40%
{DS2} – {Future}
37%
{4:44} – {Jay-Z}
30%
{Golden} {Hour} – {Kacey} {Musgraves}
28%
{22}, {A} {Million} – {Bon} {Iver}
17%

Score Distribution

Percentile by Number Answered

Percent of People with Each Score

Your Score History

You have not taken this quiz